Statistiques concernant Les 20 plus grandes villes du monde

Cliquez ici pour prendre le quiz!

Statistiques générales

  • Ce quiz a été pris 111 fois
  • Le résultat moyen est 11 sur 20

Statistiques - réponses

Villes les plus peuplées% Correct
Tokyo
93%
Moscou
92%
Pékin
91%
Le Caire
78%
Shanghai
78%
Delhi
75%
Séoul
68%
Bombay
66%
Istanbul
65%
Jakarta
64%
Lagos
64%
Sao Paulo
64%
Kinshasa
54%
Canton
50%
Karachi
39%
Dacca
34%
Shenzhen
23%
Lahore
21%
Tianjin
15%
Chongqing
12%

Distribution des résultats

Percentile par nombre de réponses

% des personnes avec chaque résultat

Votre développement - résultats

Vous n’avez pas pris ce quiz